[Event "Biel GM 50th"]
[Site "Biel"]
[Date "2017.07.31"]
[Round "7"]
[White "Leko, Peter"]
[Black "Vaganian, Rafael A"]
[Result "1-0"]
[WhiteElo "2678"]
[BlackElo "2562"]
[Annotator "Roiz,M"]
[PlyCount "129"]
[EventDate "2017.07.24"]
[EventType "tourn"]
[EventRounds "9"]
[EventCountry "SUI"]
[EventCategory "16"]
[SourceTitle "CBM 180"]
[Source "ChessBase"]
[SourceDate "2017.09.13"]
[SourceVersion "1"]
[SourceVersionDate "2017.09.13"]
[SourceQuality "1"]

1. e4 e6 2. d4 d5 3. Nc3 dxe4 4. Nxe4 Bd7 {GM Rafael Vaganian has a rich
experience in various French lines. This time he chooses a somewhat passive,
but very solid setup.} 5. Nf3 Bc6 6. Bd3 Be7 (6... Nd7 {is much more popular.
Possibly, in this case Peter would follow his play from the following game:} 7.
O-O Ngf6 8. Ng3 Be7 9. Re1 O-O 10. c3 Bxf3 11. Qxf3 c6 12. Bf4 Re8 13. Rad1 $14
{Leko,P - Seirawan,Y Istanbul TUR 2000}) 7. Neg5 {This ambitious continuation
temporarily takes the game into almost unexplored territory.} ({After} 7. O-O
Nf6 8. Ng3 Nbd7 {the players would enter into a well-known theoretical
position, which was mentioned before.} (8... O-O 9. Ne5 $14)) 7... Nd7 8. Qe2 (
{A simpler way of maintaining a small, but long-lasting advantage seems to be} 
8. O-O Bxf3 9. Nxf3 Ngf6 10. c4 c6 11. b3 O-O 12. Bb2 $14 {Saric,I -
Stavrianakis,I Achaea GRE 2017}) 8... Bxf3 {In his turn, GM Vaganian
unnecessarily gives up his powerful bishop.} ({It looks like Black could have
solved his problems by means of:} 8... Bxg5 $1 9. Nxg5 h6 10. Nf3 (10. Ne4 Ndf6
11. c3 Nxe4 12. Bxe4 Bxe4 13. Qxe4 Qd5 $11) 10... Qf6 $1 11. Be4 (11. Ne5 Nxe5
12. dxe5 Qh4 13. O-O Ne7 $11) 11... Bxe4 12. Qxe4 O-O-O $11) 9. Nxf3 Ngf6 10.
O-O O-O 11. c4 {Peter feels free to expose the d4-spot, since the c7-c5
advance would open the position.} Re8 (11... c5 12. dxc5 Bxc5 13. Bd2 a5 14.
Rad1 Qb6 15. b3 Rfe8 16. Bc3 $14 {Fedorov,A - Mateuta,G Mamaia ROU 2013}) 12.
b3 c5 $146 {This natural novelty doesn't change the character of play -
Black's position is solid, but slightly worse.} (12... c6 13. Bb2 Qc7 14. g3
Bf8 15. Kg2 $14 {Wei Yi - Fang,Y China CHN 2017}) 13. Bb2 Qb6 (13... cxd4 14.
Nxd4 Bc5 15. Rad1 e5 16. Nf5 $14) 14. Bc2 {Correctly unlocking the d-file for
the rook.} Rad8 (14... cxd4 15. Nxd4 Bc5 16. Rad1 Rad8 17. a3 e5 18. Nb5 $36)
15. a3 $1 {GM Leko finds an excellent positional idea - since the b3-b4
advance is extremely annoying for Black, who is provoked into exposing the
b5-spot.} a5 16. Rfb1 {There was no reason for such an awkward move.} ({
More to the point was:} 16. Rad1 cxd4 17. Nxd4 Nb8 18. Nb5 Nc6 19. Bc3 $14)
16... Ra8 $2 {Rafael is playing too passively and allowing White to extend the
initiative.} ({The correct move was} 16... cxd4 17. Nxd4 e5 $1 18. Nb5 Nb8 19.
Bc3 Nc6 $132 {, claiming the drawback of White's last move.}) 17. Bc3 Bf8 18.
dxc5 Qxc5 ({Hardly better was} 18... Bxc5 19. b4 axb4 20. axb4 Rxa1 21. Bxa1
$16 {, and} Bxb4 $140 $2 {runs into} 22. Bc3 Bxc3 23. Rxb6 Nxb6 24. Qe3 Ba5 25.
Qc5 Ra8 26. Qb5 $18) 19. b4 axb4 20. axb4 Qc7 21. Nd4 b6 $2 {An unsuccessful
decision - in this situation Black cannot afford to expose the light squares.}
(21... Rxa1 $142 22. Bxa1 Nb6 23. Bd3 e5 24. Nb5 Qc8 25. Qc2 e4 26. Bf1 $16)
22. Nb5 {Now White's position seems winning from a strategic point of view,
but enrgetic play is required.} Qb7 23. Qd3 ({Everything was ready for a
decisive break:} 23. g4 $1 h6 24. h4 Rxa1 25. Rxa1 Qb8 (25... g6 26. Ra7 Qc8
27. Rc7 Qd8 28. Qd2 $18) 26. g5 hxg5 27. hxg5 Nh7 28. Qh5 $18) 23... Rxa1 ({
Possibly, a more accurate move was} 23... e5 $5 24. Rxa8 Rxa8 25. Rd1 h6 $16)
24. Rxa1 Ra8 25. Rd1 $1 {Any exchange might help Black.} Be7 26. g3 Qc6 27. Qe2
Kf8 $6 {Another inaccurate move - the king is more exposed now.} (27... Rc8 {
was better,} {even though Black has to be ready to lose material:} 28. Bxf6
Nxf6 29. Na7 Qxc4 30. Bd3 Qc3 31. Nxc8 Qxc8 $16) 28. Re1 ({Once again, GM Leko
is deviating from the most energetic} 28. g4 $1 h6 29. h4 g5 30. hxg5 hxg5 31.
Qe3 $1 Qxc4 32. Qh3 Qxg4+ 33. Qxg4 Nxg4 34. Rxd7 $18) 28... Qb7 29. Bd1 {
Missing one more opportunity of attacking the opponent's king.} (29. Bf5 $1 Rd8
30. Nd4 Re8 31. Bh3 Kg8 32. Bg2 Qc8 33. Nc6 $18) 29... Rc8 30. Qd3 Qc6 31. Bb3
Rd8 32. Nd4 Qb7 33. Bd1 {Somehow Peter fails to find a proper way of improving
the position.} ({As earlier, White's initiative should last on the k-side:} 33.
Qe2 $1 Nb8 34. g4 Ne8 35. Qe3 Bf6 36. g5 Bxd4 37. Bxd4 $18) 33... Nb8 34. Qe3
Rc8 35. Be2 Na6 $2 {This move is a blunder, but the refutation wasn't trivial.}
(35... Qe4 $142 36. Qd2 Qb7 37. Bf3 Qd7 $16) 36. Rb1 $2 {Returning the favour.}
({Both players missed} 36. Ra1 $1 Nxb4 (36... Bxb4 37. Bf3 $18) 37. Qd2 Ne4 38.
Bf3 Nxd2 39. Bxb7 Rd8 40. Bxd2 Rxd4 41. Ra8+ {, winning the piece.}) 36... Qe4
$1 37. Qxe4 Nxe4 38. Be1 Nb8 $14 {Liquidating into the endgame is Black's
undisputable achievement. The vulnerablity of Pb4 makes it hard for White to
proceed.} 39. f3 Nd6 40. Rc1 Nc6 (40... Nd7 $5 41. Nb3 g6 $14) 41. Nxc6 Rxc6
42. Bf2 Nc8 43. Rb1 Rc7 {White is still better, but the recent simplifications
made Black's position defendable.} 44. Kf1 Ke8 45. Bd3 g6 46. Ke2 Ra7 47. Rb2
Kd8 ({There was nothing wrong with a more active way of handling the position:
} 47... Bf6 $5 48. Rc2 Ra4 49. b5 Be7 50. Rb2 Bf6 51. Rb1 Ra2+ 52. Ke1 Kd7 $11)
48. f4 ({After} 48. c5 bxc5 49. bxc5 Bf6 50. Rd2 Bc3 51. Rd1 Ra2+ 52. Kf1 Ra1
53. Rxa1 Bxa1 54. Bb5 Na7 55. Ba4 Kc7 {Black manages to set up a blockade and
hold the position.}) 48... Kc7 49. Bd4 Ra4 50. Bc3 Na7 (50... Nd6 {was simpler:
} 51. Be5 Kc6 $11) 51. Be5+ Bd6 52. b5 Nc8 53. Rd2 f5 54. Ke3 Bxe5 $6 {Black
managed to equalise, but this is the first step in a wrong direction.} ({After
} 54... Kd7 $1 55. Be2 Ke7 $11 {White would be unable to make any progress.})
55. fxe5 Ne7 (55... h6 56. Be2 g5 57. g4 f4+ 58. Kf2 $14) 56. Be2 {It turns
out, that opening-up the d-file causes Black definite problems now.} Ra3+ 57.
Kf2 Nc8 58. Bf3 Ra7 $2 {Eventually GM Vaganian doesn't withstand the pressure.
This is a decisive mistake.} ({It was necessary to play:} 58... Ra4 $1 59. Bc6
Na7 $1 60. Be8 (60. Bd7 Rxc4 61. Bxe6 Rc5 62. Rd7+ Kb8 63. Bd5 Rc7 $14) 60...
Rxc4 61. Rd7+ Kb8 62. Rxh7 Rb4 63. Bxg6 Nxb5 64. Bf7 Re4 65. Bxe6 Rxe5 $14 {
The limited material balance offers Black excellent drawing chances.}) 59. Bc6
Kb8 60. Rd7 $18 {Now Black is paralysed.} Rc7 61. Rd8 Re7 62. Bd7 Kc7 63. Rxc8+
Kb7 (63... Kxd7 64. Rc6 $18) 64. Re8 Rxd7 65. Ke3 ({Black resigned in view of} 
65. Ke3 Rd1 66. Re7+ Kc8 67. Rxe6 $18) 1-0

[Event "ISR-chT"]
[Site "Israel"]
[Date "2014.05.30"]
[Round "11"]
[White "Ivanchuk, Vassily"]
[Black "Roiz, Michael"]
[Result "1/2-1/2"]
[WhiteElo "2738"]
[BlackElo "2589"]
[Annotator "Roiz,M"]
[PlyCount "83"]
[EventDate "2014.05.??"]
[EventType "team-tourn"]
[EventRounds "9"]
[EventCountry "ISR"]
[SourceTitle "CBM 161"]
[Source "ChessBase"]
[SourceDate "2014.07.16"]
[SourceVersion "1"]
[SourceVersionDate "2014.07.16"]
[SourceQuality "1"]

1. e4 e6 2. d4 d5 3. Nc3 dxe4 4. Nxe4 Nd7 {I used to play this solid system
from time to time.} 5. Nf3 Ngf6 6. Nxf6+ Nxf6 7. c3 ({In most of his previous
games, Ivanchuk's choice was} 7. Bg5) 7... c5 {This was a part of my
preparation, but Vasily finds a way to surprise me quite early.} ({My previous
game in this line saw} 7... Be7) 8. g3 {This move is actually a novelty, but
the game comes back to known paths.} ({White's most popular alternatives here
are:} 8. Ne5) (8. Bg5) ({and} 8. Be3) 8... Be7 $6 {After my unsuccessful
reaction White gets strong pressure along the h1-a8 diagonal.} ({I had no
reason to reject the most natural:} 8... cxd4 9. Qxd4 (9. Nxd4 Bc5 $11) 9...
Qxd4 10. Nxd4 Bd7 (10... Bc5 11. Nb3 Bb6 12. a4 a5 13. Bg2 O-O 14. O-O e5 15.
Nd2 $14) 11. Bg2 O-O-O $11) 9. Bg2 O-O 10. O-O Qb6 {Now it is difficult to
solve the problem of the Bc8.} (10... cxd4 11. Nxd4 e5 (11... Qc7 12. Qe2 a6
13. Bf4 Bd6 14. Bxd6 Qxd6 15. Rad1 Qc7 16. Rfe1 $14) 12. Nf3 Qc7 13. Re1 Bd6
14. Bg5 $14) ({Still, I prefer the most solid} 10... Bd7 11. dxc5 $1 (11. Ne5
cxd4 12. Qxd4 Bb5 13. Qxd8 (13. Rd1 Qc7 14. Bf4 Rfd8 15. Ng4 Rxd4 16. Nxf6+
Bxf6 17. Bxc7 Rxd1+ 18. Rxd1 Rc8 19. Bf4 b6 $11) 13... Raxd8 14. c4 Ba6 15. Be3
Nd7 16. Nxd7 Rxd7 $11) 11... Bxc5 12. Ne5 Bb5 13. Re1 Qb6 14. Qf3 $14) 11. dxc5
(11. a4 $5 Rd8 12. Qe2 $14) (11. Qe2 Bd7 12. dxc5 Bxc5 13. Ne5 Bb5 14. c4 $14)
11... Bxc5 12. Ne5 Rd8 13. Qe2 {It is quite surprising, that this rare
position was seen in one of Ivanchuk's preceding games!} (13. Qb3 Qc7 14. Re1
h6 15. a4 Rb8 16. a5 $14) 13... a5 $146 {This natural novelty doesn't solve
the problems, but securing the Bc5 looks quite critical.} (13... Bd7 14. b4 Be7
(14... Bd6 15. Nxd7 Rxd7 16. Be3 Qc7 17. Rac1 $14) 15. Be3 Qc7 16. Bf4 Bd6 17.
c4 $14) ({Vasily achieved a nice victory after:} 13... h6 14. b4 Be7 15. Nc4
Qb5 (15... Qa6 $2 16. a4 Bd7 17. b5 $1 Bxb5 18. axb5 Qxa1 19. Qc2 {and the
queen is trapped}) 16. a4 $1 Qe8 17. Bb2 $14 {1-0 Ivanchuk,V (2709)-Ljubojevic,
L (2559)/Monte Carlo 2000/CBM 076/[Finkel,A] (36)}) 14. b3 {This unusual move
was played rapidly. This move keeps the edge as well, but now Black gets some
time for completing development.} ({In my opinion, the most principled way to
develop the initiative is:} 14. Bg5 h6 (14... Be7 15. Rad1 h6 16. Be3 Qc7 17.
Rxd8+ Bxd8 18. Rd1 $14) 15. Nc4 (15. Bxf6 gxf6 16. Qg4+ Kf8 17. Nc4 Qc7 18. Qh5
Kg7 19. Rad1) 15... Qc7 (15... Qa6 16. Bxf6 gxf6 17. Qg4+ Kf8 18. Qh4 Kg7 19.
b3 $36) 16. Bf4 Qe7 17. Rfd1 $14 {with stable pressure.}) (14. Be3 $5 {also
deserves serious attention:} Bxe3 15. Qxe3 Qxb2 $140 16. Rad1 Rf8 17. Rd2 $36)
14... Bd7 15. Bb2 $6 {The bishop is not so useful there.} ({Still, White's
advantage is rather unpleasant in the event of:} 15. Bg5 Bb5 16. c4 Be8 17.
Rad1 $14) ({Or} 15. Qf3 Bb5 16. c4 Be8 17. Bg5 $14) 15... Be8 {A very
comfortable and safe spot for the bishop. My next task was to remove the pawn
from b7.} 16. Rad1 Rab8 17. c4 Qc7 $6 {Too slow! Now White gets time for
regrouping the pieces.} ({I should have put some pressure on his pawn too:} 
17... a4 18. Bc3 Rxd1 19. Rxd1 axb3 20. Rb1 b2 21. Rxb2 Qa7 22. Ng4 Nd7 23. Rd2
Be7 $11) 18. Rd3 {Fighting for control over the open file.} ({Another plan was
connected with a transfer of Bb2:} 18. Nd3 Bd4 (18... Be7 19. Qe5 Bd6 20. Qg5
h6 21. Qe3 $14) 19. Bc1 $1 (19. Bxd4 Rxd4 20. Qe5 Qxe5 21. Nxe5 Rxd1 22. Rxd1
Kf8 23. Rd6 b6 $11) 19... Ra8 20. Bf4 Qb6 21. Ne5 a4 22. b4 Qxb4 23. Rb1 $14)
18... b6 {I have completed the ideal setup, but the position remains rather
passive.} 19. Rfd1 Rxd3 20. Nxd3 $1 {Vasily manages to pose some concrete
problems.} (20. Qxd3 Be7 21. Qe3 Bc5 (21... Rd8 22. Rxd8 Qxd8 23. Bd4 $14) 22.
Qd3 Be7 $11) 20... Be7 21. Be5 ({Deviating for a slighty better endgame after} 
21. Qe5 Qxe5 22. Nxe5 (22. Bxe5 Rc8 23. Bb7 Rd8 24. Bf3 Nd7 25. Bd4 Nc5 $11)
22... Rc8 $14) 21... Bd6 22. Bd4 (22. Qb2 Bxe5 23. Qxe5 Qxe5 24. Nxe5 Kf8 $11)
22... Rd8 23. Qe3 Nd7 ({Correctly avoiding} 23... Bc5 24. Bxc5 bxc5 25. Bf3 Rc8
26. Qe5 $14 {and Black is suffering from the weak Pc5.}) 24. h4 $6 {Only after
this loss of time was I able to consolidate my position.} ({The prophylactic} 
24. Bf3 {protecting the rook was called for:} Nc5 25. Qg5 Bf8 26. Nxc5 bxc5 27.
Bc3 Rxd1+ 28. Bxd1 $14) 24... Nc5 25. Bc3 (25. Rd2 $5 {led to a more complex
fight:} Bf8 26. h5 h6 27. Ne5 f6 28. Ng6 e5 29. Bc3 Bf7 $11) 25... Bf8 $11 {
Finally I have completely equalised.} 26. Rd2 Nxd3 27. Rxd3 Rxd3 ({Only not} 
27... Bc5 $2 28. Rxd8 Qxd8 29. Qe5 Bf8 30. Bd4 $16) 28. Qxd3 Bc5 29. Kf1 Qd7
30. Qf3 {Vassily is trying to keep the queens on the board, but it doesn't
change anything.} Bd4 (30... f6 $5) 31. Bd2 Bc5 32. Ke2 Kf8 (32... Qd4 {
was also good enough:} 33. Bc3 Bc6 $11) 33. Qf4 Qd6 {I had limited time left,
so there was no reason to avoid the simplifications.} (33... Qd4 $11) 34. Qxd6+
Bxd6 35. Be3 Bc5 {Now neither side can avoid a draw.} 36. a3 Ke7 37. b4 axb4
38. axb4 Bxb4 ({Or} 38... Bxe3 39. Kxe3 Kd6 40. f4 e5 $11) 39. Bxb6 Kd6 40. f4
Bc5 41. Ba5 h5 42. Bc3 1/2-1/2

[Event "Valjevo"]
[Site "Valjevo"]
[Date "2007.06.17"]
[Round "5"]
[White "Roiz, Michael"]
[Black "Stojanovic, Mihajlo"]
[Result "1-0"]
[WhiteElo "2605"]
[BlackElo "2588"]
[Annotator "Roiz,M"]
[PlyCount "69"]
[EventDate "2007.06.13"]
[EventType "tourn"]
[EventRounds "9"]
[EventCountry "YUG"]
[EventCategory "15"]
[SourceTitle "CBM 119"]
[Source "ChessBase"]
[SourceDate "2007.08.01"]
[SourceVersion "1"]
[SourceVersionDate "2007.08.01"]
[SourceQuality "1"]

1. e4 e6 2. d4 d5 3. Nc3 dxe4 4. Nxe4 Bd7 {This rare system is a pet weapon of
the Russian GM Alexander Rustemov. At the same time, my opponent also has
solid experience with this system.} 5. Bd3 Bc6 6. Nf3 Nd7 7. O-O Ngf6 8. Neg5
$5 {This aggressive move was successfully tried twice by Viorel Bologan (a
great expert in the French).} ({The alternatives are:} 8. Ng3) ({and} 8. Ned2)
8... Bd6 ({Of course, not} 8... h6 $2 9. Nxe6 fxe6 10. Bg6+ {and White has
almost a winning attack.}) 9. Re1 h6 10. Nh3 {[%cal Gf3e5] Now White is
threatening Nf3-d5, so Black is practically forced to exchange his bishop. At
the same time, 4...Bd7 players shouldn't be worried by that.} Bxf3 11. Qxf3 c6
12. Nf4 {Ofcourse, the knight has nothing to do on h3.} Qa5 {In my opinion,
this is the best plan - Black should castle queenside.} ({After} 12... O-O 13.
Nh5 {White has a pleasant advantage.}) 13. c3 (13. Be3 O-O-O) 13... O-O-O (
13... O-O 14. Bd2 Rfe8 15. Qh3 e5 16. Ne2 Bf8 17. a3 Rad8 18. Rad1 exd4 19.
Nxd4 $14 {1-0 Bologan,V-Foisor,O/Bastia 1998/CBM 067 ext (25)}) 14. Bc2 $146 {
My idea was to put the knight on d3, where it could control the important
''e5'' square.} (14. Bc4 Qc7 15. Bxe6 $2 fxe6 16. Nxe6 Rde8 $17) ({A very
sharp position could arise after} 14. b4 Qc7 15. b5 c5 16. g3 Kb8 17. Be3 Rhe8
$132 {1-0 Kolev,A-Lalic,S/Andorra 1993/TD (40)}) 14... Rhe8 {This move is not
bad.} ({But I didn't like} 14... Qc7 $5 15. Kh1 (15. g3 g5 16. Ng2 g4 17. Qe2
$132) 15... e5 (15... g5 16. Nd3 g4 17. Qe2 h5 18. Ne5 $14) 16. Ne2 exd4 17.
Nxd4 Ne5 18. Qf5+ Kb8 $11) 15. Nd3 Re7 {Black has a super solid position, as
each single move doesn't change much, but still I don't like the position of
Black's rook there.} 16. g3 (16. b4 Qd5 $11) 16... Rde8 {Probably Mihajlo
wanted to push e6-e5 at the most comfortable moment.} 17. Bb3 $5 {This move is
slighty unpleasant for Black, since now it's not easy to get prepared for
e6-e5, so Black's position remains a bit passive.} Qh5 {This was the right
decision - the queen had no good prospects anyway.} 18. Qxh5 Nxh5 19. Bd2 ({
I didn't see the point in} 19. Ne5 Nhf6) 19... Nhf6 20. Rad1 c5 ({I believe
Black is able to hold the ending after} 20... e5 21. Nxe5 Nxe5 22. dxe5 Bxe5
$14 {but it's not a very pleasant task.}) 21. Be3 b6 {The first inaccuracy -
there was no need for such a serious weakness of the light squares.} ({A much
more natural move looks to be the strongest} 21... cxd4 $1 22. Bxd4 e5 23. Be3
e4 24. Nf4 Bc5 $11 {and Black has sufficient activity.}) 22. Bc4 (22. f4 cxd4
23. Bxd4 Nc5 $11) (22. dxc5 Nxc5 23. Bc4 Nxd3 24. Rxd3 Bc5 $11) 22... Kb7 $2 {
[%mdl 16384] And this is already a big mistake which leads to immediate
troubles.} ({Probably the same method was still the best:} 22... cxd4 23. cxd4
(23. Bxd4 e5 24. Be3 e4 25. Nf4 Ne5 26. Be2 Bc5 $11) 23... Kb7 $14 {and Black
has good chances of equalizing.}) 23. dxc5 Nxc5 ({The other capture led to
great suffering:} 23... Bxc5 24. Nxc5+ Nxc5 $16) (23... bxc5 $16) 24. Nb4 $1 {
This is the point! White gets a great chance to exploit the weakness of the
light squares in Black's camp.} Bb8 {The move looks somewhat ugly.} ({Maybe
better was} 24... Nce4 25. Ba6+ (25. Bb5 Bxb4 26. Bxe8 Bxc3 27. bxc3 Rxe8 $14)
25... Kc7 26. Bb5 Bxb4 27. Bxe8 Bxc3 28. bxc3 Rxe8 29. f3 Nd6 30. Bd4 $16 {
and White has some technical problems in this endgame.}) 25. Bb5 Rc8 $8 26. Bf1
$1 {The bishop gets the key diagonal.} a5 $2 {This is already the decisive
mistake - Black cannot afford such a loss of time.} (26... Rf8 27. Bg2+ Kc8 28.
Nc6 Rd7 $16) (26... e5 27. Bg2+ e4 28. Nd5 Nxd5 29. Rxd5 $16) 27. Bg2+ Nce4 $8
28. Bd4 $1 {This simple combination allows White to win a pawn.} axb4 29. Bxf6
gxf6 30. Rxe4 Ka7 31. Rxb4 $18 {[%cal Gb4a4] Threatening mate in one!} Rc5 $8
32. Rh4 {Winning the second pawn, while Black's pieces are still passive and
his king is compromised. The rest is simple.} b5 33. a4 ({Or} 33. Rxh6 b4 34.
cxb4 Rc2 35. h4 Rxb2 36. h5 $18) 33... bxa4 34. Rdd4 {I liked my rooks on the
4th rank.} Kb6 {The final blunder, but Black's position was completely
hopeless anyway.} (34... Rb5 35. Rxa4+ Kb6 36. b4 $18) (34... Ra5 35. Rxa4 Rxa4
36. Rxa4+ Kb6 37. Rb4+ Ka7 38. Rh4 Rd7 39. Rxh6 f5 40. Rh7 Kb6 41. h4 Kb5 42.
h5 Ba7 43. h6 $18) 35. Rb4+ {Winning the bishop, so Black resigned.} 1-0